Introduction to Programming and Python from Scratch/ (Record no. 210223)
[ view plain ]
| 000 -LEADER | |
|---|---|
| fixed length control field | 00601nam a22001937a 4500 |
| 005 - DATE AND TIME OF LATEST TRANSACTION | |
| control field | 20250311114656.0 |
| 010 ## - LCCN (DPL NO) | |
| LC control number | ENG-1144056 |
| 020 ## - INTERNATIONAL STANDARD BOOK NUMBER | |
| Terms of availability | 450.00 |
| International Standard Book Number | 9789384734930 |
| 035 ## - SYSTEM CONTROL NUMBER | |
| System control number | EN-127588 |
| 037 ## - SOURCE OF ACQUISITION | |
| Source of stock number/acquisition | DBAD |
| 082 ## - DEWEY DECIMAL CLASSIFICATION NUMBER | |
| Classification number | 005.133 |
| Edition number | 1 |
| 100 ## - MAIN ENTRY--PERSONAL NAME | |
| Personal name | Dayanand, I. Edwin |
| 245 ## - TITLE STATEMENT | |
| Title | Introduction to Programming and Python from Scratch/ |
| Statement of responsibility, etc | I. Edwin Dayanand |
| 250 ## - EDITION STATEMENT | |
| Edition statement | 1 |
| 260 ## - PUBLICATION, DISTRIBUTION, ETC. (IMPRINT) | |
| Place of publication, distribution, etc | Tamil Nadu |
| Name of publisher, distributor, etc | B-DIGEST Publications |
| Date of publication, distribution, etc | 2021 |
| 270 ## - ADDRESS | |
| Address | 18/7, Devasahayam Street, Nagercoil |
| City | Tamil Nadu |
| Postal code | 629001 |
| 300 ## - PHYSICAL DESCRIPTION | |
| Extent | Various Pages |
| Dimensions | 24CM(pb) |
| 942 ## - ADDED ENTRY ELEMENTS (KOHA) | |
| Source of classification or shelving scheme | Dewey Decimal Classification |
| Item type | English Books |
| Classification part | 005.133 |
| Call number suffix | DAY |
| Withdrawn status | Lost status | Not for loan | Collection code | Home library | Current library | Date acquired | Source of acquisition | Cost, normal purchase price | Full call number | Barcode | Copy number | Cost, replacement price | Koha item type |
|---|---|---|---|---|---|---|---|---|---|---|---|---|---|
| Non-fiction | Janak Puri | Janak Puri | 11/03/2025 | DBAD | 450.00 | 005.133 DAY | EN-127588 | 1 | 450.00 | English Books |
